BBC Sports Personality of the Year 2015 - Statistics

General Stats
  • This quiz has been taken 14 times
  • The average score is 7 of 12
Answer Stats
Position Sport Sportsperson % Correct
1st Tennis Andy Murray
100%
5th Formula 1 Lewis Hamilton
100%
6th Cycling Chris Froome
85%
7th Athletics Mo Farah
85%
3rd Athletics Jessica Ennis-Hill
69%
11th Swimming Adam Peaty
62%
8th Gymnastics Max Whitlock
62%
4th Boxing Tyson Fury
54%
2nd Rugby League Kevin Sinfield
46%
9th Athletics Greg Rutherford
31%
10th Cycling Lizzie Armitstead
23%
12th Football Lucy Bronze
15%
No matching quizzes found
Score Distribution
Percent of People with Each Score
Percentile by Number Answered
Your Score History
You have not taken this quiz